Best Players to Ever Wear a Rockets Jersey - Statistics

General Stats
  • This quiz has been taken 4 times
  • The average score is 11 of 20
Answer Stats
Hint Answer % Correct
1. Hakeem Olajuwon
100%
5. James Harden
100%
15. Tracy McGrady
100%
16. Yao Ming
100%
7. Chris Paul
75%
10. Clyde Drexler
75%
3. Moses Malone
75%
9. Russell Westbrook
75%
4. Scottie Pippen
75%
13. Carmelo Anthony
50%
8. Charles Barkley
50%
6. Dwight Howard
50%
2. Kevin Durant
50%
12. Dikimbe Mutombo
25%
11. Elvin Hayes
25%
14. Kyle Lowry
25%
20. Metta World Peace
25%
17. Tyson Chandler
25%
18. DeMarcus Cousins
0%
19. Glen Rice
0%
No matching quizzes found
Score Distribution
Percent of People with Each Score
Percentile by Number Answered
Your Score History
You have not taken this quiz